| 000 | 00422nam a2200157Ia 4500 | ||
|---|---|---|---|
| 008 | 190430s9999 xx 000 0 und d | ||
| 100 | _aFlores, Helen | ||
| 245 | _aTaiwan offers scholarship for Pinoys/ | ||
| 245 | _cHelen Flores | ||
| 260 | _bThe Philippine Star | ||
| 260 | _c2019 | ||
| 300 | _aPage B16, January 18 | ||
| 440 |
_aThe Philippine Star _v33: 175 |
||
| 650 | _aeducation | ||
| 650 | _ascholarship grant | ||
| 999 |
_c361757 _d361757 |
||